000
00315nam a22001337a 4500
008
181011b xxu||||| |||| 00| 0 eng d
020
_a
9780815106425
041
_a
eng
080
_a
610
100
_a
4
101
_a
SHM
245
_a
Diagnostic Strategies for Internal Medicine
_c
Grodzin, Ch.J
942
_2
udc
_c
BK
999
_c
49377
_d
49377